000 00723nam a2200265Ia 4500
005 20260302115458.0
008 008 260114s9999 xx 000 0 eng d
020 _a9781350119666
037 _aTextbook
040 _aCRL
040 _beng
040 _cCRL
041 _2eng
041 _aeng
084 _qCRL
100 _aSarah K. Whitfield and Sean Mayes
_91121755
245 3 _aAn Inconvenient Black History of British Musical Theatre 1900 - 1950
260 _bBloomsbury
260 _bMethuen Drama
260 _c2021
650 _aLiterary Studies
856 _uhttps://doi.org/10.5040/9781350119666?locatt=label:secondary_bloomsburyCollections
942 _cEBOOK
999 _c1686360
_d1686360